Statistics for Lyrics from the Mulan song Be A Man

Click here to take the quiz!

General Stats

  • This quiz has been taken 36 times
  • The average score is 238 of 282

Answer Stats

Answer% Correct
a
100%
be
100%
Be
100%
I
100%
man
100%
man.
100%
of
100%
the
100%
me.
97%
me
97%
so
97%
you?
97%
you
97%
you.
97%
your
97%
as
93%
fire.
93%
fire
93%
for
93%
make
93%
out
93%
To
93%
to
93%
when
93%
You're
93%
you're
93%
bunch
90%
defeat
90%
down
90%
ever
90%
Huns.
90%
Huns
90%
saddest
90%
through
90%
through.
90%
get
86%
go
86%
I'll
86%
i'll,
86%
Let's
86%
met
86%
my
86%
they
86%
asked
83%
business.
83%
can
83%
dark
83%
Mister
83%
moon.
83%
raging
83%
side
83%
sons?
83%
We
83%
With
83%
daughters
79%
Did
79%
got
79%
he
79%
send
79%
Somehow
79%
strength
79%
who
79%
win.
79%
before
76%
but
76%
home,
76%
how
76%
How
76%
must
76%
Mysterious
76%
on
76%
pack
76%
pathetic
76%
see
76%
swim.
76%
up,
76%
war
76%
we're
76%
all
72%
and
72%
are
72%
bet
72%
center
72%
find
72%
goodbye
72%
great
72%
gym?
72%
I'm
72%
is
72%
knew
72%
lot
72%
rage
72%
right
72%
river.
72%
Say
72%
sure
72%
swift
72%
that
72%
those
72%
typhoon.
72%
was
72%
breath.
69%
catch
69%
clue.
69%
cutting
69%
fool
69%
forest
69%
haven't
69%
Hope
69%
pale
69%
school
69%
within.
69%
could
66%
coursing
66%
doesn't
66%
going
66%
might
66%
never
66%
really
66%
spineless
66%
survive.
66%
This
66%
Tranquil
66%
wish
66%
every
62%
force
62%
Once
62%
order
62%
racing
62%
Time
62%
arrive.
59%
death!
59%
Now
59%
them
59%
unsuited
59%
Heed
55%
scared
55%
til
55%
towards
55%
us
55%
guy's
48%
at
45%
Why
34%

Score Distribution

Percentile by Number Answered

Percent of People with Each Score

Your Score History

You have not taken this quiz